| 000 | 00474nam a2200133Ia 4500 | ||
|---|---|---|---|
| 008 | 260210s9999 xx 000 0 und d | ||
| 024 | _a16B-204-EL, 16B-223-EL, 16B-230-EL & 16B-170-EL | ||
| 082 | _a621.3181 MUN | ||
| 100 | _aSaad Munawwar, Tabish Ahmed, Faiza Sultana & Muhammad Yasir Khan | ||
| 245 | 0 | _aEnergy optimization via POE switch | |
| 260 |
_aKarachi: _bUITU, _c2016 |
||
| 600 | _aTelecommunication Engineering | ||
| 650 | _aBachelor of Engineering (BE) | ||
| 999 |
_c33610 _d33610 |
||